000 00777nam a2200265 a 4500
003 CO-ViMGA
005 20250228145949.0
008 141112s2004 ck r 000 u spa d
020 _a9789589811245
040 _aCO-ViMGA
_bspa
_cCO-ViMGA
041 _aspa
082 0 4 _a741.018 R15a
100 1 _aRamírez Cuevas, Andrés Mario
_936093
245 1 0 _aAdivinanzas geométricas /
_cAndrés Mario Ramírez Cuevas
250 _a1a ed.
300 _a14 p. : il. fot. col.
490 _aLa otra escalera
650 1 4 _aDESDE LOS 18 MESES
650 1 4 _aFORMAS GEOMETRICAS
_936095
650 1 4 _aHORTALIZAS
_959025
650 1 4 _aLEER ES MI CUENTO - COLECCION 2011
650 1 4 _aPERSPECTIVA
_959026
700 1 _aRamírez Cuevas, Andrés Mario
_936093
942 _2ddc
_cBK
999 _c2328
_d2328